000 00472nam a2200193Ia 4500
001 8271
003 16613
005 20251020070832.0
008 ||||||n9999 ||| || ||
041 _afre
082 _219
_a382
245 0 _aLe contrat economique internacional
_bstabilite et evolution
260 _aBélgica :
_bEtablissements Bruylant,
_c1975.
300 _a586p
562 _e1
650 0 _aComercio exterior
_95218
942 _cBKM
999 _c8271
_d8271
526 _a116204